Normal view
MARC view
- Hillier,Frederick S
Entry Personal Name
001 - CONTROL NUMBER
- control field: 85131
003 - CONTROL NUMBER IDENTIFIER
- control field: NUST
005 - DATE AND TIME OF LATEST TRANSACTION
- control field: 20211125114616.0
008 - FIXED-LENGTH DATA ELEMENTS
- fixed length control field: 211125|| aca||aabn | a|a d
040 ## - CATALOGING SOURCE
- Original cataloging agency: NUST
- Transcribing agency: NUST
100 ## - HEADING--PERSONAL NAME
- Personal name: Hillier,Frederick S
670 ## - SOURCE DATA FOUND
- Source citation: Work cat.: (NUST)32490: Hillier,Frederick S., Introduction to Operations Research, 2005.
